000 00444nam a22001577a 4500
003 MPLRDC
005 20220104170332.0
008 210129b ||||| |||| 00| 0 eng d
082 _a741.23 TIC v.2
100 _aF. W. TICKNER
245 _aDAYS OF PROGRESS AND EXPANSION BRITAIN IN EUROPE 1485-1789
_c
260 _a
_bUNIVERSITY OF LONDON PRESS LTD
_c1949
300 _b
650 _a英国断代史--中世
942 _cBK
_o741.23 TIC v.2
999 _c57901
_d57891